Popularne polskie piosenki w tym tygodniu. 09-15.07 - Statystyki

Ogólne statystyki
  • Ten quiz został rozwiązany 16 razy
  • Średni wynik to 11 z 30
Statystyki odpowiedzi
Wykonawca Wyświetlenia Utwór % Poprawnych
Ekipa ft. Jacuś 2.03M Zygzak
79%
Ekipa 1.15M 3KIPA
71%
Kizo 4.39M Disney
71%
Ekipa ft. Roxie 2.63M Napad Na Bank
71%
Mata 5.38M Kiss cam (podryw roku)
64%
Sanah ft. Vito Bambino 1.31M Ale jazz!
50%
OIO 735K Worki W Tłum
50%
Sobel 1.91M Fiołkowe Pole
43%
Kizo ft. Wac Toja 1.23M Nasze Lato
43%
White 2115 820K Booker (baw się)
36%
Guzior ft. Oskar83 751K FALA
36%
Sobel 1.31M Kinol
36%
Mata ft. White 2115 859K La la la (oh oh)
36%
Chivas ft. White 2115 801K Mam Na Twarzy Krew I Tym Razem Nie Jest Sztuczna
36%
Zdechły Osa 835K Patolove
36%
Mata 830K Patoreakcja
36%
Żabson, Kizo, ZetHa 967K Puerto Bounce
36%
Sanah 1.37M ten Stan
36%
Guzior 716K BLUEBERRY
29%
Paluch 753K Każdy blok
29%
Sanah 685K 2:00
21%
OIO 1.02M Amerykańskie Teledyski
21%
Reto 880K Bourbon
21%
Sanah 2.11M etc. (na disco)
21%
Męskie Granie Orkiestra 2021 ft. Daria Zawiałow, Dawid Podsiadło, Vito Bambino 2.60M I Ciebie też, bardzo
21%
Tymek, Brodka, Urbanski 1.56M Ostatni
21%
Tommy Cash & Quebonafide 1.31M Benz-Dealer
14%
DaChoyce & Malik Montana 929K Activa
7%
Piękni i młodzi 688K Jak w bajce (Ti Amo)
7%
Defis & MiłyPan 685K Musisz się starać
7%
Nie znaleziono quizów pasujących do podanych kryteriów
Rozkład punktacji
Procent ludzi z każdym wynikiem
Percentyl według liczby udzielonych odpowiedzi
Twoja historia wyników
Nie rozwiązałeś tego quizu